Statystyki dla ZKM Gdynia - 198

Kliknij tutaj aby rozwiązać quiz!

Ogólne statystyki

  • Ten quiz został rozwiązany 3 razy
  • Średni wynik to 9 z 13

Statystyki odpowiedzi

Przystanek% Poprawnych
Elektrociepłownia - Pucka
100%
Kuśnierska
100%
Obłuże Centrum
100%
Pogórze Dolne
100%
Złota
100%
Chylonia Dworzec PKP - os. Meksyk
50%
Podgórska
50%
Przemysłowa
50%
Terminal Kontenerowy
50%
Wiśniowa
50%
Żelazna
50%
Żeliwna
50%
Pucka - Przejazd Kolejowy
0%

Rozkład punktacji

Percentyl według liczby udzielonych odpowiedzi

Procent ludzi z każdym wynikiem

Twoja historia wyników

Nie rozwiązałeś tego quizu